Taylor Swift - The Life of a Showgirl - Statistics

General Stats
  • This quiz has been taken 59 times
  • The average score is 11 of 12
Answer Stats
2025 The Life of a Showgirl % Correct
1 The Fate of Ophelia
97%
2 Elizabeth Taylor
94%
12 The Life of a Showgirl (feat. Sabrina Carpenter)
94%
9 Wood
94%
3 Opalite
92%
5 Eldest Daughter
89%
7 Actually Romantic
86%
10 CANCELLED!
86%
11 Honey
86%
6 Ruin The Friendship
86%
4 Father Figure
83%
8 Wi$h Li$t
83%
No matching quizzes found
Score Distribution
Percent of People with Each Score
Percentile by Number Answered
Your Score History
You have not taken this quiz